| LEADER 00000nam 2200000uu 4500 |
| 001 55017 |
| 003 ULIBM |
| 008 260701s||||||||th 000 0 tha d |
| 020 ^a9786169444534 |
| 082 0 ^a570.76^bศ - อ 2568 |
| 100 0 ^aศุภรัฐ ไฟโรหกุล |
| 110 0 ^a |
| 245 00 ^aA-Level Biology Mock - up Exams III:หนังสือข้อสอบชีววิทยาที่เป็นโจทย์แนวใหม่สำหรับการสอบเข้ามหาวิทยาลัย/^cศุภรัฐ ไฟโรหกุล |
| 250 ^aพิมพ์ครั้งที่ 1 |
| 260 ^aกรุงเทพฯ:^bแอคทีฟ พริ้นท์,^c2568 |
| 300 ^a197 หน้า:279 บาท |
| 541 ^a279 บาท |
| 650 0 ^aชีววิทยา^xการศึกษาและเฉลย |
| 650 0 ^aชีววิทยา^xการศึกและการเรียนมัธยมศึกษา) |
| 650 0 ^aA-Level |
| 700 0 ^aสาริศ จตุกุชพรพงศ์,^eผู้แต่งร่วม |
| 700 0 ^aเจตพล ลิขิตกาญจนากรกิจ,^eผู้แต่งร่วม |
| 700 0 ^aหฤษฎ์ จักราธิวัตริ์,^eผู้แต่งร่วม |
| 999 ^ananthaya |